Yellowstone - Television Series - Statistics

General Stats
  • This quiz has been taken 767 times
  • The average score is 8 of 12
Answer Stats
Hint Answer % Correct
Ranch Name Dutton Ranch
100%
Only Daughter Beth Dutton
95%
Ranch Patriarch John Dutton
93%
Son and family attorney Jamie Dutton
87%
Youngest son's wife Monica Long Dutton
73%
Patriarch's grandson Tate Dutton
69%
Youngest son and Navy SEAL Kayce Dutton
65%
Ranch hand / Bullrider Jimmy Hurdstrom
59%
Chief of Native American Reservation Chief Thomas Rainwater
53%
Oldest son - deceased Lee Dutton
48%
Ranch foreman Rip Wheeler
46%
Billionaire land developer Dan Jenkins
22%
No matching quizzes found
Score Distribution
Percent of People with Each Score
Percentile by Number Answered
Your Score History
You have not taken this quiz